000 00674nam a22002537a 4500
003 UA-OsUOA
001 22969
007 ta
008 20031230b un ||||| |||| 00| 0 ukr d
100 _aКостів К.
090 _a22.07(038)
_bК72
942 _cBK
040 _aUA-OsUOA
_bukr
_cUA-OsUOA
_dUA-OsUOA
245 _aСловник-довідник біблійних осіб, племен і народів
300 _a429 с.
955 _a2
041 _aukr
080 _a22.07(038)
020 _a5-319-01177-6
260 _aК.
_bУкраїна
_c1995
044 _aUA
650 7 _a22 Біблія. Святе писання
_2UDC
999 _c309203
_d309203